<?xml version="1.0" encoding="UTF-8"?>
<record
    xmlns:xsi="http://www.w3.org/2001/XMLSchema-instance"
    xsi:schemaLocation="http://www.loc.gov/MARC21/slim http://www.loc.gov/standards/marcxml/schema/MARC21slim.xsd"
    xmlns="http://www.loc.gov/MARC21/slim">

  <leader>00765cam a2200217 i 4500</leader>
  <controlfield tag="001">85848</controlfield>
  <controlfield tag="005">20260429143036.0</controlfield>
  <controlfield tag="008">260429s1995    sp a    rc    000 0 spa d</controlfield>
  <datafield tag="017" ind1=" " ind2=" ">
    <subfield code="a">SG 57/1995</subfield>
  </datafield>
  <datafield tag="040" ind1=" " ind2=" ">
    <subfield code="a">BUAH</subfield>
    <subfield code="b">spa</subfield>
    <subfield code="c">M-RABA</subfield>
  </datafield>
  <datafield tag="100" ind1="1" ind2=" ">
    <subfield code="a">Sim&#xF3;n, Jos&#xE9; Luis (</subfield>
    <subfield code="d">1946-)</subfield>
    <subfield code="9">43847</subfield>
  </datafield>
  <datafield tag="245" ind1="1" ind2="0">
    <subfield code="a">Jos&#xE9; Luis Sim&#xF3;n </subfield>
    <subfield code="b">: sustratos y referencias: del 8 al 24 de septiembre de 1995: Torre&#xF3;n de Lozoya, Segovia</subfield>
  </datafield>
  <datafield tag="260" ind1=" " ind2=" ">
    <subfield code="a">[Segovia] </subfield>
    <subfield code="b">: Caja Segovia Obra Social y Cultural</subfield>
    <subfield code="c">, [1995]</subfield>
  </datafield>
  <datafield tag="300" ind1=" " ind2=" ">
    <subfield code="a">35 p </subfield>
    <subfield code="b">: il.</subfield>
    <subfield code="c">; 28 cm</subfield>
  </datafield>
  <datafield tag="504" ind1=" " ind2=" ">
    <subfield code="a">Bibliogr.: p. 35</subfield>
  </datafield>
  <datafield tag="600" ind1="1" ind2="7">
    <subfield code="a">Sim&#xF3;n, Jos&#xE9; Luis (</subfield>
    <subfield code="d">1946-)</subfield>
    <subfield code="9">43847</subfield>
  </datafield>
  <datafield tag="655" ind1=" " ind2="4">
    <subfield code="a">Cat&#xE1;logos de exposiciones</subfield>
    <subfield code="9">45336</subfield>
  </datafield>
  <datafield tag="710" ind1="2" ind2=" ">
    <subfield code="a">Caja de Ahorros y Monte de Piedad de Segovia</subfield>
    <subfield code="9">12373</subfield>
  </datafield>
  <datafield tag="852" ind1=" " ind2=" ">
    <subfield code="j">F-16117</subfield>
  </datafield>
  <datafield tag="942" ind1=" " ind2=" ">
    <subfield code="c">FONDOMODER</subfield>
    <subfield code="n">0</subfield>
  </datafield>
  <datafield tag="952" ind1=" " ind2=" ">
    <subfield code="0">0</subfield>
    <subfield code="1">0</subfield>
    <subfield code="2">ddc</subfield>
    <subfield code="4">0</subfield>
    <subfield code="7">0</subfield>
    <subfield code="a">RABASF</subfield>
    <subfield code="b">RABASF</subfield>
    <subfield code="c">DP2</subfield>
    <subfield code="d">2026-04-29</subfield>
    <subfield code="e">D</subfield>
    <subfield code="l">0</subfield>
    <subfield code="o">F-16117</subfield>
    <subfield code="p">1097146</subfield>
    <subfield code="r">2026-04-29 14:31:08</subfield>
    <subfield code="w">2026-04-29</subfield>
    <subfield code="y">FONDOMODER</subfield>
    <subfield code="z">Con dedicatoria del autor</subfield>
  </datafield>
  <datafield tag="999" ind1=" " ind2=" ">
    <subfield code="c">85848</subfield>
    <subfield code="d">85848</subfield>
  </datafield>
</record>
